Espacio y política /

Guardat en:
Dades bibliogràfiques
Autor principal: Lefebvre, Henry
Altres autors: Liares, Janine Muls de trad Jaime Linares García
Format: Text
Publicat: Barcelona: Ediciones Pennínsula
Etiquetes: Afegir etiqueta
Sense etiquetes, Sigues el primer a etiquetar aquest registre!

MARC

LEADER 00000 a a2200000 04500
001 22165
003
040
020 |a 84-297-1182-1  
090 |a 150200  
100 |a Lefebvre, Henry  
245 |a Espacio y política /  |c Henry Lefebvre 
260 |a Barcelona:   |b Ediciones Pennínsula  
300 |a 157 p.  
700 |a Liares, Janine Muls de   |a trad   |a Jaime Linares García  
999 |c 9021  |d 9021